Statistics for Management (Record no. 1340)

MARC details
000 -LEADER
fixed length control field 00422nam a22001697a 4500
005 - DATE AND TIME OF LATEST TRANSACTION
control field 20180518105637.0
008 - FIXED-LENGTH DATA ELEMENTS--GENERAL INFORMATION
fixed length control field 160521b xxu||||| |||| 00| 0 eng d
020 ## - INTERNATIONAL STANDARD BOOK NUMBER
ISBN 978-81-7758-584-1
041 ## - LANGUAGE CODE
Language code of text/sound track or separate title eng
082 ## - DEWEY DECIMAL CLASSIFICATION NUMBER
Item number 3911
Classification number 519.5
100 ## - MAIN ENTRY--AUTHOR NAME
Personal name Levin R. I. & Rubin D. S.
245 ## - TITLE STATEMENT
Title Statistics for Management
260 ## - PUBLICATION, DISTRIBUTION, ETC. (IMPRINT)
Place of publication Delhi
Name of publisher Pearson Education,
300 ## - PHYSICAL DESCRIPTION
Number of Pages 1026
650 ## - SUBJECT ADDED ENTRY--TOPICAL TERM
Topical Term Management
942 ## - ADDED ENTRY ELEMENTS (KOHA)
Koha item type Books
Holdings
Lost status Damaged status Collection code Home library Current library Shelving location Date acquired Full call number Accession Number Koha item type
    MANAGEMENT JRU Library JRU Library SHELF-76-C 21/05/2016 519.5 3911 Books
    MANAGEMENT JRU Library JRU Library SHELF-76-C 21/05/2016 519.5 3912 Books
    MANAGEMENT JRU Library JRU Library SHELF-76-C 21/05/2016 519.5 3913 Books
    MANAGEMENT JRU Library JRU Library SHELF-76-C 21/05/2016 519.5 3914 Books
    Non-fiction JRU Library   SHELF-76-C 21/05/2016 519.5 3915 Books
    MANAGEMENT JRU Library JRU Library SHELF-76-C 21/05/2016 519.5 3916 Books
    MANAGEMENT JRU Library JRU Library SHELF-76-C 21/05/2016 519.5 3917 Books
    MANAGEMENT JRU Library JRU Library SHELF-76-C 21/05/2016 519.5 3918 Books
    MANAGEMENT JRU Library JRU Library SHELF-76-C 21/05/2016 519.5 3919 Books
    MANAGEMENT JRU Library JRU Library SHELF-76-C 21/05/2016 519.5 3920 Books